[Event "Isla de La Palma Torneo Sub 2300"]
[Site "Isla de La Palma ESP"]
[Date "2005.06.10"]
[Round "8.11"]
[White "Morales Camacho, Julian"]
[Black "Van Hoolandt, Patrick"]
[Result "1-0"]
[WhiteElo "2226"]
[BlackElo "2181"]
[PlyCount "129"]
[EventDate "2005.06.03"]
[EventType "swiss"]
[EventRounds "9"]
[EventCountry "ESP"]
[Source "lmi"]
[SourceDate "2005.06.11"]

1. d4 Nf6 2. Nf3 e6 3. e3 c5 4. Bd3 d5 5. b3 Nbd7 6. Bb2 Qc7 7. c4 dxc4 8. bxc4
b6 9. O-O Bb7 10. Nbd2 Bd6 11. a4 a5 12. h3 O-O 13. Qe2 Rad8 14. Ng5 h6 15.
Nge4 Be7 16. Nc3 Rfe8 17. Rfd1 Nb8 18. Nb5 Qc6 19. Qf1 Na6 20. Rac1 Rd7 21. Nf3
Rdd8 22. Bb1 Qc8 23. Qe2 Be4 24. Ba2 Nb4 25. Bb3 Qb7 26. Ne1 Qb8 27. Ba1 Rc8
28. Nc3 Bb7 29. d5 exd5 30. Nxd5 Nfxd5 31. cxd5 Bd6 32. Qg4 Bh2+ 33. Kh1 Be5
34. d6 Rcd8 35. Bxe5 Rxe5 36. Qf4 Re4 37. Qxf7+ Kh8 38. Nf3 Rf8 39. Qg6 Qe8 40.
Qg3 Qd8 41. Rd2 Qd7 42. Kh2 Rf6 43. Ne5 Rxe5 44. Qxe5 Bc6 45. Rc4 Re6 46. Qf5
Rf6 47. Qxd7 Bxd7 48. e4 Nc6 49. Bd1 Ne5 50. Rc3 Nc6 51. Bg4 Bxg4 52. hxg4 Nd4
53. e5 Rf8 54. Rxd4 cxd4 55. Rd3 Kg8 56. Rxd4 Kf7 57. f4 Ke6 58. Kg3 g5 59. Kf3
Rf7 60. d7 Rxd7 61. f5+ Ke7 62. f6+ Ke6 63. Rxd7 Kxd7 64. Ke4 Ke6 65. Kd4 1-0

[Event "Isla de La Palma Torneo Sub 2300"]
[Site "Isla de La Palma ESP"]
[Date "2005.06.10"]
[Round "8.12"]
[White "Natalicchio Escalante, Nicolas"]
[Black "Batista Yanez, Jair"]
[Result "1-0"]
[WhiteElo "2153"]
[BlackElo "2200"]
[PlyCount "43"]
[EventDate "2005.06.03"]
[EventType "swiss"]
[EventRounds "9"]
[EventCountry "ESP"]
[Source "lmi"]
[SourceDate "2005.06.11"]

1. e4 g6 2. d4 Bg7 3. Nc3 c5 4. Nf3 cxd4 5. Nxd4 Nc6 6. Be3 Nf6 7. Bc4 O-O 8.
Bb3 d6 9. f3 a6 10. Qd2 Nd7 11. O-O-O Nc5 12. h4 Qa5 13. Kb1 Be6 14. h5 Bxb3
15. cxb3 Nd7 16. hxg6 fxg6 17. Ne6 Bf6 18. Nxf8 Rxf8 19. Nd5 Qxd2 20. Nxf6+
Nxf6 21. Rxd2 Rc8 22. Rc1 1-0

[Event "Isla de La Palma Torneo Sub 2300"]
[Site "Isla de La Palma ESP"]
[Date "2005.06.11"]
[Round "9.1"]
[White "Martin Ojeda, Juan Manuel"]
[Black "Perez Aleman, Pedro Tomys"]
[Result "0-1"]
[WhiteElo "2268"]
[BlackElo "2134"]
[PlyCount "86"]
[EventDate "2005.06.03"]
[EventType "swiss"]
[EventRounds "9"]
[EventCountry "ESP"]
[Source "lmi"]
[SourceDate "2005.06.11"]

1. e4 c5 2. Nc3 Nc6 3. Nf3 e5 4. Bc4 Be7 5. d3 Nf6 6. Nd2 d6 7. Nf1 O-O 8. Ne3
Rb8 9. Ned5 Nxd5 10. Nxd5 Bg5 11. a4 Be6 12. O-O Bxc1 13. Rxc1 Ne7 14. Ne3 Ng6
15. Nd5 Ne7 16. Ne3 Ng6 17. c3 Qd7 18. Nd5 Ne7 19. Ne3 Ng6 20. Qb3 Rfe8 21. Nd5
Ne7 22. Ne3 Ng6 23. Rfd1 b6 24. Qa2 Red8 25. f3 h6 26. Bxe6 fxe6 27. a5 Kh7 28.
a6 d5 29. exd5 exd5 30. Rd2 d4 31. Nd1 Nf4 32. Nf2 Qf5 33. cxd4 exd4 34. Rcd1
Qg6 35. g3 Nd5 36. Ne4 Ne3 37. Re1 Rf8 38. Rf2 Rf5 39. b4 Rbf8 40. f4 Rxf4 41.
bxc5 Rxf2 42. Nxf2 Qh5 43. cxb6 Qf3 0-1

[Event "Isla de La Palma Torneo Sub 2300"]
[Site "Isla de La Palma ESP"]
[Date "2005.06.11"]
[Round "9.3"]
[White "Lopez Pereyra, Antonio"]
[Black "Vega Gutierrez, Sabrina Neide"]
[Result "1-0"]
[WhiteElo "2165"]
[BlackElo "2253"]
[PlyCount "75"]
[EventDate "2005.06.03"]
[EventType "swiss"]
[EventRounds "9"]
[EventCountry "ESP"]
[Source "lmi"]
[SourceDate "2005.06.11"]

1. e4 c5 2. Nf3 Nc6 3. d4 cxd4 4. Nxd4 Nf6 5. Nc3 e5 6. Ndb5 d6 7. Bg5 a6 8.
Na3 b5 9. Bxf6 gxf6 10. Nd5 Bg7 11. Bd3 Ne7 12. Nxe7 Qxe7 13. c3 f5 14. O-O O-O
15. Nc2 Rb8 16. exf5 e4 17. Re1 Bxf5 18. Nd4 Bxd4 19. cxd4 d5 20. Qd2 Rb6 21.
Qf4 Bg6 22. Bf1 Qb4 23. Qg5 Qxb2 24. h4 Qxd4 25. h5 Rf6 26. Qg3 Rf5 27. hxg6
fxg6 28. Qe3 Qf6 29. a4 Rxf2 30. axb5 axb5 31. Bxb5 Rb2 32. Rf1 Qd8 33. Rxf8+
Qxf8 34. Bc6 Qd6 35. Qd4 Rb8 36. Bxd5+ Kf8 37. Qh8+ Ke7 38. Ra7+ 1-0

[Event "Isla de La Palma Torneo Sub 2300"]
[Site "Isla de La Palma ESP"]
[Date "2005.06.11"]
[Round "9.4"]
[White "Cruz, Alfredo"]
[Black "Enjuto Velasco, Roberto"]
[Result "1-0"]
[WhiteElo "2287"]
[BlackElo "2167"]
[PlyCount "47"]
[EventDate "2005.06.03"]
[EventType "swiss"]
[EventRounds "9"]
[EventCountry "ESP"]
[Source "lmi"]
[SourceDate "2005.06.11"]

1. Nf3 Nf6 2. c4 g6 3. Nc3 Bg7 4. g3 O-O 5. Bg2 d6 6. d4 c5 7. d5 e6 8. O-O
exd5 9. cxd5 Re8 10. h3 Na6 11. Nd2 Nc7 12. a4 b6 13. e4 Rb8 14. Re1 a6 15. Nc4
b5 16. Nxd6 Qxd6 17. e5 Rxe5 18. Rxe5 b4 19. Ne2 Qxe5 20. Bf4 Qxb2 21. Rb1 Qa2
22. Bxc7 Rb7 23. d6 Bf5 24. Ra1 1-0

[Event "Isla de La Palma Torneo Sub 2300"]
[Site "Isla de La Palma ESP"]
[Date "2005.06.11"]
[Round "9.5"]
[White "Lopez Colon, Francisco"]
[Black "Fenollar Jorda, Manuel"]
[Result "1/2-1/2"]
[WhiteElo "2206"]
[BlackElo "2239"]
[PlyCount "96"]
[EventDate "2005.06.03"]
[EventType "swiss"]
[EventRounds "9"]
[EventCountry "ESP"]
[Source "lmi"]
[SourceDate "2005.06.11"]

1. d4 d5 2. c4 c6 3. cxd5 cxd5 4. Nf3 Nc6 5. Nc3 Nf6 6. Bf4 Bf5 7. e3 e6 8. Qb3
Bb4 9. Bb5 O-O 10. Bxc6 Bxc3+ 11. bxc3 bxc6 12. O-O Ne4 13. Rfc1 g5 14. Bg3 h5
15. h4 g4 16. Ne1 Nxg3 17. fxg3 Qd6 18. Kh2 Rfb8 19. Qd1 Rb2 20. Nd3 Bxd3 21.
Qxd3 c5 22. c4 dxc4 23. Rxc4 cxd4 24. Rxd4 Qc6 25. e4 Qc2 26. Qxc2 Rxc2 27. Rd7
Rf2 28. Kg1 Re2 29. Rf1 Rf8 30. Rxa7 Rxe4 31. a4 Kg7 32. Ra1 Re2 33. Rb7 Kg6
34. Rbb1 Rd8 35. Re1 Rc2 36. Rec1 Re2 37. Re1 Rc2 38. Rac1 Rcd2 39. a5 Ra8 40.
Rc5 Rb8 41. Kh2 f6 42. Rc6 Rbb2 43. Rg1 e5 44. a6 Ra2 45. Rb6 Rdc2 46. Kh1 Rf2
47. Rc6 Kf5 48. Rb6 e4 1/2-1/2

[Event "Isla de La Palma Torneo Sub 2300"]
[Site "Isla de La Palma ESP"]
[Date "2005.06.11"]
[Round "9.6"]
[White "Pinto Henriquez, Rodrigo"]
[Black "Amil Serantes, Jorge"]
[Result "1-0"]
[WhiteElo "2221"]
[BlackElo "2198"]
[PlyCount "45"]
[EventDate "2005.06.03"]
[EventType "swiss"]
[EventRounds "9"]
[EventCountry "ESP"]
[Source "lmi"]
[SourceDate "2005.06.11"]

1. d4 Nf6 2. c4 g6 3. Nc3 Bg7 4. e4 d6 5. Be2 O-O 6. Nf3 e5 7. d5 a5 8. Bg5 Na6
9. Nd2 Qe8 10. O-O Nc5 11. b3 h6 12. Be3 Nfd7 13. a3 f5 14. f4 g5 15. b4 axb4
16. axb4 Rxa1 17. Qxa1 Na6 18. Qa5 Rf7 19. Nb5 Nf6 20. Na7 Bf8 21. Qb5 Qd8 22.
Nxc8 Qxc8 23. c5 1-0

[Event "Isla de La Palma Torneo Sub 2300"]
[Site "Isla de La Palma ESP"]
[Date "2005.06.11"]
[Round "9.7"]
[White "Lacrosse, Marc"]
[Black "Perez Felipe, Marcos Adrian"]
[Result "1-0"]
[WhiteElo "2289"]
[BlackElo "2158"]
[PlyCount "31"]
[EventDate "2005.06.03"]
[EventType "swiss"]
[EventRounds "9"]
[EventCountry "ESP"]
[Source "lmi"]
[SourceDate "2005.06.11"]

1. d4 Nf6 2. c4 e6 3. Nf3 b6 4. a3 Ba6 5. Qc2 Bb7 6. Nc3 c5 7. e4 cxd4 8. Nxd4
Bc5 9. Nb3 Nc6 10. Bg5 h6 11. Bh4 Nd4 12. Nxd4 Bxd4 13. Bd3 a6 14. O-O Qc7 15.
Rad1 h5 16. Be2 1-0

[Event "Isla de La Palma Torneo Sub 2300"]
[Site "Isla de La Palma ESP"]
[Date "2005.06.11"]
[Round "9.8"]
[White "Ros Octavio de Toledo, Eduardo"]
[Black "Morales Camacho, Julian"]
[Result "1/2-1/2"]
[WhiteElo "2176"]
[BlackElo "2226"]
[PlyCount "114"]
[EventDate "2005.06.03"]
[EventType "swiss"]
[EventRounds "9"]
[EventCountry "ESP"]
[Source "lmi"]
[SourceDate "2005.06.11"]

1. Nf3 d6 2. d4 Bg4 3. c4 Nd7 4. g3 c6 5. d5 Ngf6 6. Nc3 Nb6 7. b3 cxd5 8. cxd5
Nbxd5 9. Nxd5 Qa5+ 10. Nb4 Qxb4+ 11. Bd2 Qb6 12. Bg2 g6 13. O-O Bg7 14. Be3 Qd8
15. Nd4 Qd7 16. Rc1 O-O 17. Re1 e5 18. Nf3 Rfe8 19. b4 Be6 20. Qd2 Ng4 21. Ng5
Nxe3 22. Nxe6 Nxg2 23. Nxg7 Nxe1 24. Nxe8 Nf3+ 25. exf3 Rxe8 26. Qd5 Re7 27.
Rd1 Re6 28. Rc1 Rf6 29. Kg2 g5 30. b5 Rh6 31. g4 Rf6 32. a4 Rf4 33. a5 Rd4 34.
Qb3 e4 35. h3 Rd3 36. Qc4 exf3+ 37. Kg3 Ra3 38. Qb4 Rd3 39. Qc4 Ra3 40. Qb4 Ra2
41. Kxf3 Qe6 42. Kg2 Qe3 43. Rf1 d5 44. b6 Qe4+ 45. Qxe4 dxe4 46. bxa7 Rxa5 47.
Re1 Rxa7 48. Rxe4 b6 49. Re5 h6 50. Re8+ Kg7 51. Rb8 Ra6 52. h4 gxh4 53. Kh3
Ra3+ 54. Kxh4 Rb3 55. f4 Rb1 56. g5 hxg5+ 57. fxg5 Rb4+ 1/2-1/2

[Event "Isla de La Palma Torneo Sub 2300"]
[Site "Isla de La Palma ESP"]
[Date "2005.06.11"]
[Round "9.9"]
[White "Pizarro Segura, Eduardo"]
[Black "Natalicchio Escalante, Nicolas"]
[Result "0-1"]
[WhiteElo "2173"]
[BlackElo "2153"]
[PlyCount "64"]
[EventDate "2005.06.03"]
[EventType "swiss"]
[EventRounds "9"]
[EventCountry "ESP"]
[Source "lmi"]
[SourceDate "2005.06.11"]

1. d4 d5 2. Nf3 Nf6 3. Bg5 Nbd7 4. Nbd2 g6 5. e3 Bg7 6. Bd3 O-O 7. c3 c6 8. O-O
Re8 9. Re1 Qb6 10. Qc2 e5 11. e4 dxe4 12. Nxe4 Nxe4 13. Rxe4 h6 14. Bd2 f5 15.
Re2 e4 16. Bc4+ Kh7 17. h4 Rf8 18. Nh2 Nf6 19. Nf1 Bd7 20. Bf4 Nd5 21. Bxd5
cxd5 22. Qb3 Qb5 23. Rd2 Qxb3 24. axb3 Bf6 25. Ne3 Be6 26. g3 g5 27. hxg5 hxg5
28. Bd6 Rfd8 29. Bc7 Rd7 30. Bb6 f4 31. Nf1 f3 32. Ne3 Kg6 0-1

[Event "Isla de La Palma Torneo Sub 2300"]
[Site "Isla de La Palma ESP"]
[Date "2005.06.11"]
[Round "9.10"]
[White "Gonzalez Ramirez, Manuel"]
[Black "Palacios Perez, Manuel"]
[Result "0-1"]
[WhiteElo "2194"]
[BlackElo "2248"]
[PlyCount "119"]
[EventDate "2005.06.03"]
[EventType "swiss"]
[EventRounds "9"]
[EventCountry "ESP"]
[Source "lmi"]
[SourceDate "2005.06.11"]

1. e4 c5 2. Nf3 d6 3. Bb5+ Nd7 4. d4 cxd4 5. Qxd4 Ngf6 6. O-O a6 7. Be2 e6 8.
c4 Be7 9. Nc3 O-O 10. Bg5 b6 11. e5 dxe5 12. Nxe5 Bc5 13. Qf4 Nxe5 14. Qxe5 Bd6
15. Qe3 Bb7 16. Na4 Qc7 17. Qxb6 Bxh2+ 18. Kh1 Rab8 19. Qxc7 Bxc7 20. Bxf6 gxf6
21. b3 Be5 22. Rad1 Rbd8 23. Nc5 Bc8 24. Nd3 Rd4 25. g3 Bb7+ 26. Kg1 a5 27. Nc5
Bc6 28. Rd3 Rxd3 29. Nxd3 Bd4 30. a3 Ra8 31. b4 axb4 32. axb4 Ra3 33. Kh2 Be4
34. Nf4 Rb3 35. b5 Rb2 36. Bd3 Bf3 37. Nh3 Rb3 38. Bb1 Rc3 39. Ng1 Bb7 40. Ba2
Rc2 41. Bb3 Rb2 42. Bd1 Bxf2 43. Kh3 Be4 44. Bf3 Bf5+ 45. g4 Bd3 46. Be2 Bxe2
47. Rxf2 Rb3+ 48. Kh4 Bxc4 49. Rxf6 Rxb5 50. Nf3 Kg7 51. g5 Rf5 52. Rxf5 exf5
53. Kg3 f6 54. Kf4 Bd3 55. Nh4 fxg5+ 56. Kxg5 h6+ 57. Kf4 Kf6 58. Nf3 Be2 59.
Nd2 h5 60. Nf3 0-1